书目信息 |
| 题名: |
固体废物的循环经济
|
|
| 作者: | 崔兆杰 , 谢锋 编著 | |
| 分册: | ||
| 出版信息: | 北京 科学出版社 2005.12 |
|
| 页数: | 246页 | |
| 开本: | 24cm | |
| 丛书名: | 清洁生产与循环经济丛书 | |
| 单 册: | ||
| 中图分类: | X705 | |
| 科图分类: | ||
| 主题词: | 固体废物--gu ti fei wu--废物综合利用 | |
| 电子资源: | ||
| ISBN: | 7-03-016242-0 | |
| 000 | 01042nam 2200265 450 | |
| 001 | 012006825546 | |
| 005 | 20060630110054.37 | |
| 010 | @a7-03-016242-0@dCNY35.00 | |
| 100 | @a20060602d2005 km y0chiy0120 ea | |
| 101 | 0 | @achi |
| 102 | @aCN@b110000 | |
| 105 | @aa z 000yy | |
| 200 | 1 | @a固体废物的循环经济@Agu ti fei wu de xun huan jing ji@e管理与规划的方法和实践@f崔兆杰, 谢锋编著@Fcui zhao jie,xie feng bian zhu |
| 210 | @a北京@c科学出版社@d2005.12 | |
| 215 | @a246页@c图@d24cm | |
| 225 | 2 | @a清洁生产与循环经济丛书@Aqing jie sheng chan yu xun huan jing ji cong shu |
| 330 | @a本书介绍了固体废物综合管理和规划的理论,包括固体废物的概念、管理体系和制度、综合规划的基本理论以及以及的新进展等。 | |
| 410 | 0 | @12001 @a清洁生产与循环经济丛书 |
| 517 | 1 | @a管理与规划的方法和实践@Aguan li yu gui hua de fang fa he shi jian |
| 606 | 0 | @a固体废物@Agu ti fei wu@x废物综合利用 |
| 690 | @aX705@v4 | |
| 701 | 0 | @a崔兆杰@Acui zhao jie@4编著 |
| 701 | 0 | @a谢锋@Axie feng@4编著 |
| 801 | 0 | @aCN@bQSSK@c20060630 |
| 905 | @a10447@dX705@eC978 | |
| 固体废物的循环经济:管理与规划的方法和实践/崔兆杰, 谢锋编著.-北京:科学出版社,2005.12 |
| 246页:图;24cm.-(清洁生产与循环经济丛书) |
| ISBN 7-03-016242-0:CNY35.00 |
| 本书介绍了固体废物综合管理和规划的理论,包括固体废物的概念、管理体系和制度、综合规划的基本理论以及以及的新进展等。 |
| ● |
| 相关链接 |
|
|
|
正题名:固体废物的循环经济
索取号:X705/C978
 
预约/预借
| 序号 | 登录号 | 条形码 | 馆藏地/架位号 | 状态 | 备注 |
| 1 | 581151 | 205811512 | 自科二线504/501自科库 107排1列2层/ [索取号:X705/C978] | 在馆 | |
| 2 | 581152 | 205811521 | 自科库501/501自科库 107排1列2层/ [索取号:X705/C978] | 在馆 | |
| 3 | 581153 | 205811530 | 自科二线504/501自科库 107排1列2层/ [索取号:X705/C978] | 在馆 |